Saldo iba dve miliardy. Priaznivé výsledky zahraničného obchodu Slovenska v roku 1992.

Zahraničný obrat Slovenskej republiky v r. 1992. Zahraničný obchod SR v r. 1992. Štruktúra dovozu a vývozu. Objem a tovarová štruktúra exportu.

Guardado en:
Detalles Bibliográficos
Autor principal: Bača, J.
Formato: Capítulo de libro
Lenguaje:eslovaco
Materias:
Etiquetas: Agregar Etiqueta
Sin Etiquetas, Sea el primero en etiquetar este registro!

MARC

LEADER 00000naa a2200000 4500
001 r012366
005 20220826094845.4
041 0 |a slo 
044 |a CZ 
245 1 0 |a Saldo iba dve miliardy.  |b Priaznivé výsledky zahraničného obchodu Slovenska v roku 1992.  |c J. Bača 
520 |a Zahraničný obrat Slovenskej republiky v r. 1992. Zahraničný obchod SR v r. 1992. Štruktúra dovozu a vývozu. Objem a tovarová štruktúra exportu. 
610 2 0 |a obchod zahraničný 
610 2 0 |a obrat obchodu zahraničného 
610 2 0 |a štruktúra dovozu 
610 2 0 |a štruktúra vývozu 
610 2 0 |a Slovensko 
610 2 0 |a 1992 
610 2 0 |a údaje štatistické 
100 1 |a Bača, J.